The Harpercollins book of Urdu short stories/ (Record no. 158827)

MARC details
000 -LEADER
fixed length control field 00491nam a22001697a 4500
005 - DATE AND TIME OF LATEST TRANSACTION
control field 20190515144831.0
010 ## - LCCN (DPL NO)
LC control number B-163355
020 ## - INTERNATIONAL STANDARD BOOK NUMBER
International Standard Book Number 8172236115
Terms of availability 295.00
035 ## - SYSTEM CONTROL NUMBER
System control number B-163355,B-163362
037 ## - SOURCE OF ACQUISITION
Source of stock number/acquisition Harper Collins Publishers
082 ## - DEWEY DECIMAL CLASSIFICATION NUMBER
Classification number S
245 ## - TITLE STATEMENT
Title The Harpercollins book of Urdu short stories/
Statement of responsibility, etc Muhammad Umar Memon
260 ## - PUBLICATION, DISTRIBUTION, ETC. (IMPRINT)
Place of publication, distribution, etc New Delhi
Name of publisher, distributor, etc Harper Collins Publishers
Date of publication, distribution, etc 2005
300 ## - PHYSICAL DESCRIPTION
Extent 256p.
Dimensions 22cm (pbk)
700 ## - ADDED ENTRY--PERSONAL NAME
Personal name Memon, Muhammad Umar
942 ## - ADDED ENTRY ELEMENTS (KOHA)
Source of classification or shelving scheme Dewey Decimal Classification
Item type English Books
Classification part S
Call number suffix THE
Holdings
Withdrawn status Lost status Not for loan Collection code Home library Current library Date acquired Full call number Barcode Koha item type Source of acquisition Cost, normal purchase price Cost, replacement price
      Fiction Sarojini Nagar Sarojini Nagar 15/11/2018 S THE B-163355 English Books      
      Fiction Vigyan Vihar Vigyan Vihar 15/05/2019 S THE B-163362 English Books BPPD 295.00 295.00

© Delhi Public Library
Hit Counter
free hit counter